Sabdarthasaundarya-sahasracandri: Beauty of word and meaning in Sanskrit and English literature (Record no. 1385921)

MARC details
000 -LEADER
fixed length control field 00710nam a2200205Ia 4500
005 - DATE AND TIME OF LATEST TRANSACTION
control field 20250508163917.0
008 - FIXED-LENGTH DATA ELEMENTS--GENERAL INFORMATION
fixed length control field 008 250505s9999 xx 000 0 san d
037 ## - SOURCE OF ACQUISITION
Stock number Textual
040 ## - CATALOGING SOURCE
Original cataloging agency FEDL
Language of cataloging eng
Transcribing agency FEDL
041 ## - LANGUAGE CODE
Language code of text/sound track or separate title san
Source of code eng
084 ## - COLON CLASSIFICATION NUMBER
Classification number 891.2, KUL
Assigning agency FEDL
100 ## - MAIN ENTRY--PERSONAL NAME
Personal name Kulshreshtha Jagdish Sahai
245 #0 - TITLE STATEMENT
Title Sabdarthasaundarya-sahasracandri: Beauty of word and meaning in Sanskrit and English literature
260 ## - PUBLICATION, DISTRIBUTION, ETC.
Place of publication, distribution, etc. Delhi, India
Name of publisher, distributor, etc. Sanskrit Sangeet Kala Prakashan
Date of publication, distribution, etc. 2001
300 ## - PHYSICAL DESCRIPTION
Extent xxii,434p
490 ## - SERIES STATEMENT
Series statement Kalidasa academy of Sanskrit music and fine arts series; 8
700 ## - ADDED ENTRY--PERSONAL NAME
Personal name Festschrift Sahasracandri
9 (RLIN) 776749
942 ## - ADDED ENTRY ELEMENTS (KOHA)
Koha item type Textual
Classification part 891.2, KUL
Holdings
Withdrawn status Lost status Damaged status Not for loan Home library Current library Date acquired Total Checkouts Full call number Barcode Date last seen Price effective from Koha item type
        Department of Education Library Department of Education Library 2025-05-08   891.2, KUL EL0079503 2025-05-08 2025-05-08 Textual
Copyright @ Delhi University Library System